| 000 | 00593nam a22002177a 4500 | ||
|---|---|---|---|
| 003 | UA-OsUOA | ||
| 001 | 44331 | ||
| 007 | ta | ||
| 008 | 20070220b un ||||| |||| 00| 0 ukr d | ||
| 100 | _aУсачев А.В. | ||
| 090 |
_a101 _bУ-11 |
||
| 942 | _cSA | ||
| 040 |
_aUA-OsUOA _brus _cUA-OsUOA _dUA-OsUOA |
||
| 245 | _aОнтология самобытности Владимира Эрна | ||
| 300 | _aС.50-60 | ||
| 955 | _a0 | ||
| 041 | _arus | ||
| 080 | _a101 | ||
| 773 | 0 |
_w44330 _tФилософские науки _dМ. _d2006 _g10 |
|
| 650 | 7 |
_a1 Філософські науки _2UDC |
|
| 999 |
_c330453 _d330453 |
||